00537nam a2200193 a 4500001001300000003000900013005001700022008004100039020001000080082002000090100001400110245003700124260004100161300001000202500003500212505005200247650003000299700001400329nice12345678IN_TiNIC20260116012750.0050524s1977 qada grp 000 0 eng  ac10000a297.122521bALI aAli, Sher aHoly Qur`anb Al Qur`an Al Hakim aQadianbSadr Anjuman Ahmadiyyac1977 a672p. aincludes index and biblioraphy2 athe founder of the ahmadiyya movement in islam. aQuran-Translation-English1 aAli, Sher